Choose the Correct UK Postcode Areas - Statistics

General Stats
  • This quiz has been taken 61 times
  • The average score is 19 of 25
Answer Stats
Question Tile Select % Correct
genuine UK postcode areas. Lisburn No
86%
genuine UK postcode areas. Morpeth No
86%
genuine UK postcode areas. St Asaph No
86%
genuine UK postcode areas. Knaresborough No
84%
genuine UK postcode areas. Chiltern No
82%
genuine UK postcode areas. Monmouth No
82%
genuine UK postcode areas. Bromley Yes
80%
genuine UK postcode areas. Humber No
80%
genuine UK postcode areas. Kings Lynn No
80%
genuine UK postcode areas. Dagenham No
78%
genuine UK postcode areas. Falmouth No
78%
genuine UK postcode areas. Kidderminster No
78%
genuine UK postcode areas. Lowestoft No
78%
genuine UK postcode areas. Telford Yes
75%
genuine UK postcode areas. Twickenham Yes
75%
genuine UK postcode areas. Falkirk Yes
73%
genuine UK postcode areas. Motherwell Yes
73%
genuine UK postcode areas. Taunton Yes
73%
genuine UK postcode areas. Crewe Yes
71%
genuine UK postcode areas. Sutton Yes
69%
genuine UK postcode areas. Walsall Yes
67%
genuine UK postcode areas. Dorchester Yes
65%
genuine UK postcode areas. Kingston Yes
61%
genuine UK postcode areas. Lerwick Yes
57%
genuine UK postcode areas. Wrexham No
57%
No matching quizzes found
Score Distribution
Percent of People with Each Score
Percentile by Number Answered
Your Score History
You have not taken this quiz